000 01383nam a2200277 a 4500
001 ebr10068459
003 CaPaEBR
006 m u
007 cr cn|||||||||
008 960705s1996 dcua sb 000 0 eng
010 _z 96069080
020 _z0309055393
040 _aCaPaEBR
_cCaPaEBR
035 _a(OCoLC)726823114
050 1 4 _aTD813.3.N5
_bR48 1996eb
082 0 4 _a363.72/895/09747
_221
245 0 0 _aReview of New York State low-level radioactive waste siting process
_h[electronic resource] /
_cCommittee to Review New York State's Siting and Methodology Selection for Low-Level Radioactive Waste Disposal ; Board on Radioactive Waste Management, Commission on Geosciences, Environment, and Resources, National Research Council.
260 _aWashington, D.C. :
_bNational Academy Press,
_c1996.
300 _a1 v. (various pagings) :
_bill.
504 _aIncludes bibliographical references.
533 _aElectronic reproduction.
_bPalo Alto, Calif. :
_cebrary,
_d2013.
_nAvailable via World Wide Web.
_nAccess may be limited to ebrary affiliated libraries.
650 0 _aLow level radioactive waste disposal facilities
_xLocation
_zNew York (State)
655 7 _aElectronic books.
_2local
710 2 _aebrary, Inc.
856 4 0 _uhttp://site.ebrary.com/lib/rucke/Doc?id=10068459
_zAn electronic book accessible through the World Wide Web; click to view
999 _c28452
_d28452